Music Artists by Song - N - Statistics

General Stats
  • This quiz has been taken 108 times
    57 since last reset
  • The average score is 10 of 25
Answer Stats
Songs Artist % Correct
Smells Like Teen Spirit / Come As You Are / Heart-Shaped Box Nirvana
100%
Dilemma / Ride Wit Me / Hot In Here Nelly
83%
Starships / Bang Bang / Super Bass Nicki Minaj
80%
Bye Bye Bye / It's Gonna Be Me / Tearin' up My Heart *NSYNC
77%
Promiscuous / Maneater / Say It Right Nelly Furtado
73%
How You Remind Me / Rockstar / Burn It to the Ground Nickelback
67%
Don't Speak / Just A Girl / It's My Life No Doubt
63%
Fuck Tha Police / Straight Outta Compton / Chin Check N.W.A.
57%
Give Me Everything / Time of Our Lives / Miss Independent Ne-Yo
53%
Sweater Weather / Softcore / Daddy Issues The Neighbourhood
47%
Unwritten / Pocketful of Sunshine / These Words Natasha Bedingfield
43%
Big Poppa / Hypnotize / Juicy The Notorious B.I.G
40%
This Town / Slow Hands / Heaven Niall Horan
37%
Step by Step / I'll Be Loving You (Forever) / You Got It (The Right Stuff) New Kids On The Block
30%
Closer / The Hand That Feeds / Every Day Is Exactly The Same Nine Inch Nails
27%
Don't Know Why / Sunrise / Come Away With Me Norah Jones
27%
N.Y. State of Mind / If I Ruled the World / The World Is Yours Nas
23%
L-O-V-E / Unforgettable / Smile Nat King Cole
20%
Everybody Talks / Animals / Sleeping With A Friend Neon Trees
20%
In the Aeroplane Over the Sea / King of Carrot Flowers Pt. 1 / Holland, 1945 Neutral Milk Hotel
17%
Let You Down / The Search / Lie NF
17%
These Days / Sunday Morning / Femme Fatale Nico
17%
Feeling Good / My Baby Just Cares for Me / Sinnerman Nina Simone
13%
Spirit In The Sky / Tars Of India / Skyline Norman Greenbaum
13%
Mr. Telephone Man / Can You Stand The Rain / If It Isn't Love New Edition
3%
No matching quizzes found
Score Distribution
Percent of People with Each Score
Percentile by Number Answered
Your Score History
You have not taken this quiz since the last reset